[Event "GBR-ch76"]
[Site "Plymouth"]
[Date "1989.08.11"]
[Round "11.2"]
[White "Norwood, David Robert"]
[Black "Hebden, Mark L"]
[Result "1/2-1/2"]
[WhiteElo "2485"]
[BlackElo "2520"]
[PlyCount "21"]
[EventDate "1989.07.31"]
[EventType "swiss"]
[EventRounds "11"]
[EventCountry "GBR"]
[SourceTitle "BritBase"]
[Source "John Saunders"]
[SourceDate "2023.12.16"]
[SourceVersion "1"]
[SourceVersionDate "2023.12.16"]
[SourceQuality "1"]

1. d4 Nf6 2. c3 g6 3. Bg5 Bg7 4. Nd2 d5 5. e3 O-O 6. Bd3 Nbd7 7. f4 Qe8 8. Ngf3
Ng4 9. h3 Nxe3 10. Qe2 Nxg2+ 11. Qxg2 1/2-1/2

[Event "GBR-ch76"]
[Site "Plymouth"]
[Date "1989.08.11"]
[Round "11.3"]
[White "Plaskett, H James"]
[Black "King, Daniel John"]
[Result "0-1"]
[WhiteElo "2460"]
[BlackElo "2495"]
[PlyCount "50"]
[EventDate "1989.07.31"]
[EventType "swiss"]
[EventRounds "11"]
[EventCountry "GBR"]
[SourceTitle "BritBase"]
[Source "John Saunders"]
[SourceDate "2023.12.16"]
[SourceVersion "1"]
[SourceVersionDate "2023.12.16"]
[SourceQuality "1"]

1. Nf3 d5 2. c4 e6 3. d4 Nf6 4. Nc3 Be7 5. Bf4 O-O 6. c5 b6 7. b4 a5 8. a3 Ne4
9. Rc1 Ba6 10. Qc2 Nxc3 11. Qxc3 axb4 12. axb4 Nc6 13. e3 Bxf1 14. Kxf1 b5 15.
Ra1 Qd7 16. Ke2 f6 17. h3 Ra4 18. Rxa4 bxa4 19. Rb1 Na7 20. c6 Nb5 21. Qc2 Qc8
22. Qd3 Qa6 23. Kd1 Qxc6 24. Rc1 Qb7 25. Rb1 a3 0-1

[Event "GBR-ch76"]
[Site "Plymouth"]
[Date "1989.08.11"]
[Round "11.4"]
[White "Mestel, A Jonathan"]
[Black "Beaumont, Chris R"]
[Result "1-0"]
[WhiteElo "2520"]
[BlackElo "2460"]
[PlyCount "41"]
[EventDate "1989.07.31"]
[EventType "swiss"]
[EventRounds "11"]
[EventCountry "GBR"]
[SourceTitle "BritBase"]
[Source "John Saunders"]
[SourceDate "2023.12.16"]
[SourceVersion "1"]
[SourceVersionDate "2023.12.16"]
[SourceQuality "1"]

1. e4 d6 2. d4 Nf6 3. Nc3 g6 4. f4 Bg7 5. Nf3 c5 6. Bb5+ Nc6 7. dxc5 Qa5 8. O-O
O-O 9. Qe1 Nd7 10. a4 a6 11. Bxc6 Qxc5+ 12. Be3 Qxc6 13. Nd5 Re8 14. Nd4 Bxd4
15. Bxd4 Qxc2 16. f5 b6 17. Qh4 f6 18. fxg6 hxg6 19. Rxf6 exf6 20. Nxf6+ Nxf6
21. Qxf6 1-0

[Event "GBR-ch76"]
[Site "Plymouth"]
[Date "1989.08.11"]
[Round "11.5"]
[White "Flear, Glenn C"]
[Black "Hodgson, Julian M"]
[Result "0-1"]
[WhiteElo "2435"]
[BlackElo "2535"]
[PlyCount "58"]
[EventDate "1989.07.31"]
[EventType "swiss"]
[EventRounds "11"]
[EventCountry "GBR"]
[SourceTitle "BritBase"]
[Source "John Saunders"]
[SourceDate "2023.12.16"]
[SourceVersion "1"]
[SourceVersionDate "2023.12.16"]
[SourceQuality "1"]

1. d4 d6 2. e4 Nf6 3. f3 Nc6 4. c4 e5 5. d5 Nd4 6. Be3 c5 7. dxc6 bxc6 8. Bxd4
exd4 9. Qxd4 Rb8 10. Nd2 Be7 11. Ne2 O-O 12. Nb3 Nd7 13. Nc3 Nc5 14. Nxc5 Bf6
15. Nb7 Rxb7 16. Qd2 Qb6 17. b3 Re8 18. Rd1 Be5 19. Na4 Qd8 20. g3 f5 21. Bg2
f4 22. g4 h5 23. gxh5 Qh4+ 24. Qf2 Qxh5 25. c5 d5 26. O-O dxe4 27. fxe4 g5 28.
Nb2 g4 29. Nc4 g3 0-1

[Event "GBR-ch76"]
[Site "Plymouth"]
[Date "1989.08.11"]
[Round "11.6"]
[White "Arkell, Keith C"]
[Black "Pein, Malcolm"]
[Result "1-0"]
[WhiteElo "2450"]
[BlackElo "2385"]
[PlyCount "79"]
[EventDate "1989.07.31"]
[EventType "swiss"]
[EventRounds "11"]
[EventCountry "GBR"]
[SourceTitle "BritBase"]
[Source "John Saunders"]
[SourceDate "2023.12.16"]
[SourceVersion "1"]
[SourceVersionDate "2023.12.16"]
[SourceQuality "1"]

1. d4 d6 2. Nf3 g6 3. g3 Bg7 4. Bg2 f5 5. O-O Nf6 6. c4 O-O 7. Nc3 c6 8. Re1
Nh5 9. d5 f4 10. Nd4 Qb6 11. e3 fxg3 12. hxg3 c5 13. Ne6 Bxe6 14. dxe6 Bxc3 15.
bxc3 Nc6 16. Bd5 Nf6 17. e4 Nxd5 18. cxd5 Ne5 19. f4 Nc4 20. Qb3 Qa6 21. a4
Rab8 22. Ra2 Na5 23. Qb5 Qxb5 24. axb5 b6 25. Ra4 a6 26. bxa6 Ra8 27. c4 Rxa6
28. Bd2 Rfa8 29. Rea1 R6a7 30. Bc3 h5 31. Kg2 Kh7 32. g4 g5 33. f5 h4 34. e5
dxe5 35. Bxe5 Rb7 36. Bc3 Rab8 37. Rb1 Kg8 38. Bd2 Kh7 39. Kf3 Kh6 40. Rb2 1-0

[Event "GBR-ch76"]
[Site "Plymouth"]
[Date "1989.08.11"]
[Round "11.7"]
[White "Emms, John M"]
[Black "McDonald, Neil R"]
[Result "1-0"]
[WhiteElo "2300"]
[BlackElo "2360"]
[PlyCount "101"]
[EventDate "1989.07.31"]
[EventType "swiss"]
[EventRounds "11"]
[EventCountry "GBR"]
[SourceTitle "BritBase"]
[Source "John Saunders"]
[SourceDate "2023.12.16"]
[SourceVersion "1"]
[SourceVersionDate "2023.12.16"]
[SourceQuality "1"]

1. e4 e6 2. d4 d5 3. Nd2 Nf6 4. e5 Nfd7 5. Ngf3 c5 6. c4 Nc6 7. cxd5 exd5 8.
Bd3 c4 9. Bc2 Nb6 10. h3 Be6 11. O-O Be7 12. Re1 Qd7 13. Nf1 O-O-O 14. Ng3 h5
15. Ng5 h4 16. Nxe6 fxe6 17. Nf1 Rdf8 18. a3 Bd8 19. Qg4 Qf7 20. Be3 Ne7 21.
Nh2 Nf5 22. Rf1 Nd7 23. a4 Qe7 24. Nf3 Qb4 25. Rab1 g5 26. Bxg5 Bxg5 27. Qxg5
Rhg8 28. Qc1 Rf7 29. Kh1 Qf8 30. Bxf5 Rxf5 31. Qe3 Nb8 32. b3 Nc6 33. bxc4 dxc4
34. Rbc1 Ne7 35. Qa3 Qg7 36. Rg1 Nc6 37. Qd6 Qd7 38. Qxd7+ Kxd7 39. Rxc4 Rf4
40. Rgc1 Rg7 41. d5 Rxc4 42. dxe6+ Kxe6 43. Rxc4 a6 44. Rxh4 Kd5 45. Rh5 Kc4
46. e6 Kb3 47. Rh4 Kc3 48. Re4 b5 49. axb5 Na5 50. Re3+ Kb2 51. Nd4 1-0

[Event "GBR-ch76"]
[Site "Plymouth"]
[Date "1989.08.11"]
[Round "11.8"]
[White "Crawley, Gavin"]
[Black "Conquest, Stuart C"]
[Result "0-1"]
[WhiteElo "2380"]
[BlackElo "2515"]
[PlyCount "76"]
[EventDate "1989.07.31"]
[EventType "swiss"]
[EventRounds "11"]
[EventCountry "GBR"]
[SourceTitle "BritBase"]
[Source "John Saunders"]
[SourceDate "2023.12.16"]
[SourceVersion "1"]
[SourceVersionDate "2023.12.16"]
[SourceQuality "1"]

1. e4 e5 2. Nf3 Nc6 3. Bb5 a6 4. Ba4 Nf6 5. O-O Nxe4 6. d4 b5 7. Bb3 d5 8. dxe5
Be6 9. Nbd2 Nc5 10. c3 Bg4 11. Re1 Qd7 12. Nf1 Nxb3 13. axb3 Be7 14. h3 Be6 15.
Bg5 Bxg5 16. Nxg5 O-O 17. Qd3 Bf5 18. Qg3 h6 19. Nf3 a5 20. Ne3 Be6 21. Rad1
Rad8 22. c4 bxc4 23. bxc4 d4 24. Ng4 Bxg4 25. hxg4 Qe6 26. Re4 Rd7 27. Rde1 d3
28. Nd2 Rb8 29. b3 Nd4 30. g5 Ne2+ 31. R1xe2 dxe2 32. Rxe2 hxg5 33. Qxg5 Rb6
34. f4 Qe7 35. Qf5 Qc5+ 36. Kh2 Rh6+ 37. Kg3 Rxd2 38. e6 Qxf5 0-1

[Event "GBR-ch76"]
[Site "Plymouth"]
[Date "1989.08.11"]
[Round "11.9"]
[White "Cooper, John Grantley"]
[Black "Levitt, Jonathan P"]
[Result "0-1"]
[WhiteElo "2390"]
[BlackElo "2480"]
[PlyCount "71"]
[EventDate "1989.07.31"]
[EventType "swiss"]
[EventRounds "11"]
[EventCountry "GBR"]
[SourceTitle "BritBase"]
[Source "John Saunders"]
[SourceDate "2023.12.16"]
[SourceVersion "1"]
[SourceVersionDate "2023.12.16"]
[SourceQuality "1"]

1. Nf3 d6 2. d4 Bg4 3. c4 Nf6 4. Nc3 Bxf3 5. exf3 c6 6. Bd3 g6 7. O-O Bg7 8. f4
O-O 9. f5 d5 10. c5 b6 11. Ne2 Nbd7 12. Qc2 bxc5 13. dxc5 Ne5 14. Nd4 Nxd3 15.
Qxd3 Qd7 16. b4 Ne4 17. Bb2 gxf5 18. f3 e5 19. Ne2 Ng5 20. Ng3 f4 21. Qf5 Ne6
22. Nh5 f6 23. g3 fxg3 24. Nxg3 Rad8 25. Kh1 Nf4 26. Rg1 Ne2 27. Qh5 Nf4 28.
Qf5 Kh8 29. Qxd7 Rxd7 30. Nf5 Rg8 31. Rad1 Nh3 32. Rg3 Nf4 33. Bc1 Ne2 34. Bb2
Nxg3+ 35. hxg3 d4 36. g4 0-1

[Event "GBR-ch76"]
[Site "Plymouth"]
[Date "1989.08.11"]
[Round "11.10"]
[White "Cullip, Stephen J"]
[Black "Barua, Dibyendu"]
[Result "0-1"]
[WhiteElo "2300"]
[BlackElo "2470"]
[PlyCount "107"]
[EventDate "1989.07.31"]
[EventType "swiss"]
[EventRounds "11"]
[EventCountry "GBR"]
[SourceTitle "BritBase"]
[Source "John Saunders"]
[SourceDate "2023.12.16"]
[SourceVersion "1"]
[SourceVersionDate "2023.12.16"]
[SourceQuality "1"]

1. e4 e5 2. Nf3 Nf6 3. Nxe5 d6 4. Nf3 Nxe4 5. Qe2 Qe7 6. d3 Nf6 7. Bg5 Be6 8.
Nc3 h6 9. Bxf6 gxf6 10. O-O-O Nc6 11. d4 d5 12. Qb5 O-O-O 13. Qa4 Kb8 14. Bb5
Qd6 15. g3 Ne7 16. Nh4 Ng6 17. Ng2 h5 18. h4 Qb6 19. Kb1 f5 20. Bd3 Bg7 21. Ne2
c5 22. c3 c4 23. Bc2 Qc7 24. Ngf4 Rd6 25. Nxg6 fxg6 26. b4 cxb3 27. Bxb3 Rb6
28. Rc1 Bh6 29. f4 Rc8 30. Ka1 Bf8 31. Bd1 Bd7 32. Qc2 Ba3 33. Rb1 Rxb1+ 34.
Qxb1 Qa5 35. Qb3 Bb5 36. Qxd5 Qa6 37. Re1 Bc4 38. Qd7 Bb5 39. Qd5 Bd3 40. Qb3
Re8 41. Qf7 Qb5 42. Bb3 Rxe2 43. Rxe2 Bxe2 44. Qg8+ Kc7 45. Qg7+ Kb6 46. Qxg6+
Qc6 47. Qxc6+ bxc6 48. Be6 Kb5 49. Bxf5 Kc4 50. Be4 Kxc3 51. f5 Bd3 52. Bxd3
Kxd3 53. f6 Kc2 54. f7 0-1

[Event "GBR-ch76"]
[Site "Plymouth"]
[Date "1989.08.11"]
[Round "11.11"]
[White "Ledger, Andrew J"]
[Black "Murugan, Krishnamoorthy"]
[Result "1/2-1/2"]
[WhiteElo "2225"]
[BlackElo "2450"]
[PlyCount "39"]
[EventDate "1989.07.31"]
[EventType "swiss"]
[EventRounds "11"]
[EventCountry "GBR"]
[SourceTitle "BritBase"]
[Source "John Saunders"]
[SourceDate "2023.12.16"]
[SourceVersion "1"]
[SourceVersionDate "2023.12.16"]
[SourceQuality "1"]

1. Nf3 Nf6 2. g3 b5 3. Bg2 Bb7 4. O-O e6 5. d4 c5 6. c3 cxd4 7. cxd4 Be7 8. Re1
Qb6 9. a4 bxa4 10. Qxa4 O-O 11. Nc3 Nc6 12. Bd2 Nb4 13. Rec1 Rfc8 14. Qb3 Ne4
15. Be1 Nxc3 16. bxc3 Nd5 17. Qa2 Nf6 18. c4 Be4 19. Rc3 Qb7 20. Rb3 1/2-1/2

[Event "GBR-ch76"]
[Site "Plymouth"]
[Date "1989.08.11"]
[Round "11.12"]
[White "Pigott, John C"]
[Black "Howell, James C"]
[Result "0-1"]
[WhiteElo "2370"]
[BlackElo "2395"]
[PlyCount "64"]
[EventDate "1989.07.31"]
[EventType "swiss"]
[EventRounds "11"]
[EventCountry "GBR"]
[SourceTitle "BritBase"]
[Source "John Saunders"]
[SourceDate "2023.12.16"]
[SourceVersion "1"]
[SourceVersionDate "2023.12.16"]
[SourceQuality "1"]

1. Nf3 Nf6 2. c4 b6 3. g3 e6 4. Bg2 Bb7 5. O-O Be7 6. b3 O-O 7. Bb2 d5 8. e3 c5
9. Nc3 Nbd7 10. Qe2 a6 11. d3 Ra7 12. Ne1 Ba8 13. f4 d4 14. Ne4 dxe3 15. Qxe3
Nxe4 16. dxe4 Nb8 17. Qc3 Bf6 18. e5 Bxg2 19. Nxg2 Be7 20. Qf3 Qc8 21. Ne3 Nc6
22. Rad1 Rd7 23. f5 Rxd1 24. Rxd1 Bg5 25. f6 Rd8 26. Rxd8+ Qxd8 27. Nf1 Nd4 28.
Qg4 g6 29. Qe4 h5 30. Kg2 Nf5 31. h3 Qd1 32. Bc3 Qxf1+ 0-1

[Event "GBR-ch76"]
[Site "Plymouth"]
[Date "1989.08.11"]
[Round "11.15"]
[White "Nicholson, John Graham"]
[Black "McNab, Colin Anderson"]
[Result "0-1"]
[WhiteElo "2295"]
[BlackElo "2435"]
[PlyCount "60"]
[EventDate "1989.07.31"]
[EventType "swiss"]
[EventRounds "11"]
[EventCountry "GBR"]
[SourceTitle "BritBase"]
[Source "John Saunders"]
[SourceDate "2023.12.16"]
[SourceVersion "1"]
[SourceVersionDate "2023.12.16"]
[SourceQuality "1"]

1. e4 g6 2. d4 d6 3. Nc3 Bg7 4. Nge2 Nc6 5. d5 Ne5 6. f4 Nd7 7. g4 c6 8. dxc6
bxc6 9. Ng3 Qb6 10. Bd3 Nc5 11. Qe2 Nf6 12. g5 Nxd3+ 13. cxd3 Nd7 14. Be3 Bd4
15. Nd1 Ba6 16. O-O h6 17. gxh6 Rxh6 18. Kh1 O-O-O 19. Rc1 Rdh8 20. Rf2 Bxe3
21. Nxe3 Nc5 22. Rc3 Rh3 23. Qg4+ Kd8 24. d4 Nd3 25. Rfc2 Qxd4 26. Rxc6 Rxh2+
27. Rxh2 Nf2+ 28. Kg1 Nxg4 29. Rxh8+ Qxh8 30. Nxg4 Qh3 0-1

[Event "GBR-ch76"]
[Site "Plymouth"]
[Date "1989.08.11"]
[Round "11.16"]
[White "Muir, Andrew J"]
[Black "Motwani, Paul"]
[Result "0-1"]
[WhiteElo "2250"]
[BlackElo "2490"]
[PlyCount "94"]
[EventDate "1989.07.31"]
[EventType "swiss"]
[EventRounds "11"]
[EventCountry "GBR"]
[SourceTitle "BritBase"]
[Source "John Saunders"]
[SourceDate "2023.12.16"]
[SourceVersion "1"]
[SourceVersionDate "2023.12.16"]
[SourceQuality "1"]

1. d4 Nf6 2. c4 e6 3. Nc3 Bb4 4. e3 O-O 5. Bd3 d5 6. Nf3 c5 7. O-O Nc6 8. a3
Bxc3 9. bxc3 Qc7 10. cxd5 exd5 11. Nh4 Ne7 12. a4 Ng6 13. Nf5 Re8 14. f3 Bd7
15. Ra2 Rac8 16. Kh1 Ne7 17. Ng3 Nc6 18. Bd2 h5 19. Re1 g6 20. Qb1 Kg7 21. Ne2
b6 22. e4 dxe4 23. fxe4 Bg4 24. Bf4 Qd7 25. d5 Ne5 26. Bb5 Qe7 27. Bxe8 Rxe8
28. h3 Bc8 29. Ng1 Ba6 30. Bg5 Qd6 31. Rd2 Nfd7 32. Bf4 Qf6 33. Bg3 Qg5 34.
Bxe5+ Nxe5 35. Qd1 Qg3 36. d6 Nd3 37. Rf1 Qxd6 38. c4 Bxc4 39. Rf3 Rd8 40. e5
Qd4 41. e6 fxe6 42. Ne2 Nf2+ 43. Rxf2 Qxd2 44. Qa1+ Kh6 45. Qf6 Bxe2 46. Rxe2
Qd1+ 47. Kh2 Qd6+ 0-1

[Event "GBR-ch76"]
[Site "Plymouth"]
[Date "1989.08.11"]
[Round "11.17"]
[White "Ravi, Lanka"]
[Black "Houston, David A"]
[Result "1-0"]
[WhiteElo "2410"]
[BlackElo "2260"]
[PlyCount "75"]
[EventDate "1989.07.31"]
[EventType "swiss"]
[EventRounds "11"]
[EventCountry "GBR"]
[SourceTitle "BritBase"]
[Source "John Saunders"]
[SourceDate "2023.12.16"]
[SourceVersion "1"]
[SourceVersionDate "2023.12.16"]
[SourceQuality "1"]

1. d4 Nf6 2. c4 g6 3. Nc3 Bg7 4. e4 d6 5. f4 O-O 6. Nf3 c5 7. d5 e6 8. Be2 exd5
9. cxd5 Re8 10. e5 dxe5 11. fxe5 Ng4 12. Bg5 f6 13. exf6 Bxf6 14. Qd2 Ne5 15.
Bxf6 Nxf3+ 16. gxf3 Qxf6 17. O-O-O Bf5 18. h4 Nd7 19. h5 Nf8 20. hxg6 Bxg6 21.
d6 Rad8 22. Bb5 Re5 23. f4 Rf5 24. Bd3 Kg7 25. Bxf5 Qxf5 26. Rh2 Ne6 27. Qd5
Nxf4 28. Qxb7+ Rd7 29. Qc8 c4 30. Rf2 Kh6 31. Qxd7 Ne2+ 32. Rxe2 Qxd7 33. Rh1+
Kg5 34. Rg1+ Kf4 35. Nd5+ Kf3 36. Re3+ Kf2 37. Rd1 Qxd6 38. Rd2+ {Source:
David McAlister, ICU website, 23 August 2020} 1-0

[Event "GBR-ch76"]
[Site "Plymouth"]
[Date "1989.08.11"]
[Round "11.20"]
[White "Cooper, Lawrence"]
[Black "Ward, Christopher G"]
[Result "1/2-1/2"]
[WhiteElo "2300"]
[BlackElo "2380"]
[PlyCount "28"]
[EventDate "1989.07.31"]
[EventType "swiss"]
[EventRounds "11"]
[EventCountry "GBR"]
[SourceTitle "BritBase"]
[Source "John Saunders"]
[SourceDate "2023.12.16"]
[SourceVersion "1"]
[SourceVersionDate "2023.12.16"]
[SourceQuality "1"]

1. e4 c5 2. Nf3 d6 3. d4 cxd4 4. Nxd4 Nf6 5. Nc3 g6 6. Be2 Bg7 7. O-O O-O 8.
Kh1 Nc6 9. Nb3 Be6 10. f4 a5 11. a4 Qb6 12. Bf3 Nb4 13. Ra3 Rac8 14. Re1 Rfd8
1/2-1/2

[Event "GBR-ch76"]
[Site "Plymouth"]
[Date "1989.08.11"]
[Round "11.25"]
[White "Sugden, John Neil"]
[Black "Lalic, Susan Kathryn"]
[Result "1/2-1/2"]
[WhiteElo "2255"]
[BlackElo "2345"]
[PlyCount "81"]
[EventDate "1989.07.31"]
[EventType "swiss"]
[EventRounds "11"]
[EventCountry "GBR"]
[SourceTitle "BritBase"]
[Source "John Saunders"]
[SourceDate "2023.12.16"]
[SourceVersion "1"]
[SourceVersionDate "2023.12.16"]
[SourceQuality "1"]

1. e4 c6 2. d4 d5 3. exd5 cxd5 4. Bd3 Nc6 5. c3 g6 6. Nf3 Nh6 7. O-O Bf5 8. Bf4
Bxd3 9. Qxd3 Bg7 10. Nbd2 O-O 11. Qb5 Qd7 12. a4 Nf5 13. Nb3 b6 14. a5 Ne5 15.
Qxd7 Nxd7 16. axb6 axb6 17. g4 Nh6 18. h3 Kh8 19. Rfe1 e6 20. Ne5 Nxe5 21. Bxe5
Rfc8 22. Bxg7+ Kxg7 23. f3 Ng8 24. Rxa8 Rxa8 25. Ra1 Rb8 26. Nc1 Ne7 27. Ra7
Nc6 28. Rc7 Na5 29. Nd3 Rb7 30. Rxb7 Nxb7 31. g5 f6 32. f4 h6 33. gxf6+ Kxf6
34. Kf2 Kf5 35. Kf3 Nd6 36. Ne5 Nc4 37. Nxc4 dxc4 38. Ke3 g5 39. fxg5 hxg5 40.
Kf3 e5 41. dxe5 1/2-1/2

[Event "GBR-ch76"]
[Site "Plymouth"]
[Date "1989.08.11"]
[Round "11.29"]
[White "Rogers, Jonathan W"]
[Black "Carr, Neil L"]
[Result "0-1"]
[WhiteElo "2335"]
[BlackElo "2315"]
[PlyCount "76"]
[EventDate "1989.07.31"]
[EventType "swiss"]
[EventRounds "11"]
[EventCountry "GBR"]
[SourceTitle "BritBase"]
[Source "John Saunders"]
[SourceDate "2023.12.16"]
[SourceVersion "1"]
[SourceVersionDate "2023.12.16"]
[SourceQuality "1"]

1. e4 g6 2. Nc3 Bg7 3. h4 h5 4. Bc4 c5 5. Qf3 e6 6. Nb5 d6 7. Qg3 Ke7 8. Nc3
Nc6 9. Nge2 Nf6 10. d3 a6 11. Bg5 Qc7 12. O-O Kf8 13. a4 Kg8 14. f4 Ng4 15. f5
Kh7 16. f6 Bf8 17. Kh1 Nce5 18. Ba2 Bd7 19. Bb1 b6 20. Nd1 Bc6 21. Bf4 Bh6 22.
Ne3 Nxe3 23. Qxe3 Ng4 24. Qg3 Bxf4 25. Qxf4 e5 26. Qg5 d5 27. Ng3 Rhg8 28. Ba2
dxe4 29. Nxe4 Bxe4 30. dxe4 c4 31. Rad1 Rgd8 32. Rd5 Rxd5 33. exd5 Qc5 34. c3
e4 35. Bb1 Re8 36. Re1 Qf2 37. Rc1 Qg3 38. Kg1 Re5 0-1

[Event "GBR-ch76"]
[Site "Plymouth"]
[Date "1989.08.11"]
[Round "11.30"]
[White "Ruxton, Keith"]
[Black "Mack, Andrew L"]
[Result "1-0"]
[WhiteElo "2325"]
[BlackElo "2295"]
[PlyCount "59"]
[EventDate "1989.07.31"]
[EventType "swiss"]
[EventRounds "11"]
[EventCountry "GBR"]
[SourceTitle "BritBase"]
[Source "John Saunders"]
[SourceDate "2023.12.16"]
[SourceVersion "1"]
[SourceVersionDate "2023.12.16"]
[SourceQuality "1"]

1. e4 e6 2. d4 d5 3. Nc3 Bb4 4. Qd3 Ne7 5. Bd2 dxe4 6. Nxe4 Bxd2+ 7. Qxd2 f5 8.
Ng5 h6 9. N5f3 O-O 10. O-O-O Qd6 11. Bc4 Nbc6 12. Ne2 b5 13. Bxb5 Bd7 14. Bc4
Nb4 15. Ne5 Ba4 16. Bxe6+ Kh7 17. Bb3 Bxb3 18. axb3 Ned5 19. c3 a5 20. cxb4 a4
21. Qc2 a3 22. bxa3 Rxa3 23. Nc4 Qxb4 24. Nxa3 Qxa3+ 25. Qb2 Qa5 26. Rd2 Ra8
27. Rhd1 Ra6 28. Kb1 Nb4 29. Nc3 f4 30. Na4 1-0

[Event "GBR-ch76"]
[Site "Plymouth"]
[Date "1989.08.11"]
[Round "11.38"]
[White "Holland, Edward"]
[Black "Piper, Matthew S"]
[Result "1/2-1/2"]
[WhiteElo "2310"]
[BlackElo "2305"]
[PlyCount "26"]
[EventDate "1989.07.31"]
[EventType "swiss"]
[EventRounds "11"]
[EventCountry "GBR"]
[SourceTitle "BritBase"]
[Source "John Saunders"]
[SourceDate "2023.12.16"]
[SourceVersion "1"]
[SourceVersionDate "2023.12.16"]
[SourceQuality "1"]

1. d4 Nf6 2. c4 g6 3. Nc3 Bg7 4. e4 d6 5. Nf3 O-O 6. Be2 e5 7. O-O Nc6 8. d5
Ne7 9. Ne1 Nd7 10. Be3 f5 11. f3 f4 12. Bf2 g5 13. Nb5 b6 1/2-1/2